|
|
|
|
| LEADER |
00000cam a2200000 7i4500 |
| 001 |
0000006092 |
| 002 |
000006582 |
| 005 |
20000330.0 |
| 020 |
|
|
|a 9676521264
|
| 090 |
0 |
0 |
|a 510
|b GUA
|
| 100 |
1 |
|
|a Guan, B.H
|
| 245 |
1 |
0 |
|a Fokus peperiksaan KBSM :
|b matematik tambahan SPM tingkatan 4 dan 5
|c B.H.Guan,Y.C.Chua dan A.Shukur Abdullah
|
| 260 |
|
|
|a K.Lumpur :
|b Penerbit Fajar Bakti Sdn Bhd ,
|c 1993
|
| 300 |
|
|
|a 314p. ;
|c 26cm.
|
| 490 |
0 |
|
|a Fokus peperiksaan Fajar Bakti
|
| 650 |
0 |
0 |
|a Additional mathematics
|x SPM
|
| 999 |
|
|
|a 038228
|b BUKU
|c RUJUKAN
|e PERPUSTAKAAN KOMUNITI PETALING JAYA
|
| 999 |
|
|
|a 038229
|b BUKU
|c RUJUKAN
|e PERPUSTAKAAN KOMUNITI PETALING JAYA
|